Leadership case studies in education /

Leadership Case Studies in Education 3rd Edition by Peter G. Northouse and Marie Lee applies leadership theories in educational settings. Designed to be used alongside Leadership: Theory and Practice 9th Edition, this casebook provides relevant, substantive and contemporary case studies on leadershi...

Full description

Bibliographic Details
Main Authors: Northouse, Peter Guy (Author), Lee, Marie (Journalist) (Author)
Format: Book
Language:English
Published: Thousand Oaks, California : SAGE Publications, [2022]
Edition:Third edition.
Subjects:

MARC

Tag First Indicator Second Indicator Subfields
LEADER 00000cam a2200000 i 4500
001 in00004395313
005 20211018100916.0
008 201016t20222022caua b 001 0 eng
010 |a  2020046316 
020 |a 9781071816820  |q paperback 
020 |a 1071816829  |q paperback 
020 |z 9781071816813  |q electronic publication 
020 |z 9781071816806  |q electronic publication 
020 |z 9781071816790  |q electronic book 
035 |a (OCoLC)on1200833636 
040 |a DLC  |e rda  |c DLC  |d UtOrBLW 
049 |a TXAM 
050 0 0 |a LB2806  |b .N64 2022 
082 0 0 |a 371.2  |2 23 
100 1 |a Northouse, Peter Guy,  |e author.  |0 http://id.loc.gov/authorities/names/n84101994 
245 1 0 |a Leadership case studies in education /  |c Peter G. Northouse, Marie Lee. 
250 |a Third edition. 
264 1 |a Thousand Oaks, California :  |b SAGE Publications,  |c [2022] 
264 4 |c ©2022 
300 |a xiii, 152 pages :  |b illustrations ;  |c 23 cm. 
336 |a text  |b txt  |2 rdacontent 
337 |a unmediated  |b n  |2 rdamedia 
338 |a volume  |b nc  |2 rdacarrier 
504 |a Includes bibliographical references (pages 139-144) and index. 
520 |a Leadership Case Studies in Education 3rd Edition by Peter G. Northouse and Marie Lee applies leadership theories in educational settings. Designed to be used alongside Leadership: Theory and Practice 9th Edition, this casebook provides relevant, substantive and contemporary case studies on leadership issues in Higher Education and K-12 Education. Each of the 32 case studies include critical thinking questions that encourage students to apply leadership theory and concepts to real-life situations. Engaging, practical and relevant, Leadership Case Studies in Education is the perfect companion for educational leadership courses. New cases include cases on the challenges of teaching virtually during the COVID-19 pandemic, creating belongingness while serving diverse student populations, and a university's efforts to tackle racism on its campus. New references, statistics, and updates throughout. 
650 0 |a Educational leadership  |v Case studies. 
700 1 |a Lee, Marie  |c (Journalist),  |e author.  |0 http://id.loc.gov/authorities/names/nb2015016526 
945 |b 915565 
947 |a A14851639410 
948 |a cataloged  |b h  |c 2021/6/25  |d c  |e dmitchel  |f 2:10:20 pm 
994 |a 92  |b TXA 
999 f f |s f92b6964-25ac-319c-9281-2ebabdfcbb93  |i d5638eb2-f292-37d0-ab8f-b48514cc6328  |t 0 
952 f f |p normal  |a Texas A&M University  |b College Station  |c Sterling C. Evans Library  |d Evans: Library Stacks  |t 0  |e LB2806 .N64 2022  |h Library of Congress classification  |i unmediated -- volume  |m A14851639410 
998 f f |a LB2806 .N64 2022  |t 0  |l Evans: Library Stacks